000 00653nam a2200181Ia 4500
003 GCL
008 140319s9999 xx 000 0 ara d
040 _aGCL /
_cGCL
082 0 4 _a811.9
_bص م
100 1 _aصلاح جاهين
245 1 0 _aموال عشان القتال (هدية من الاديب عبدالفتاح الجمل) /
_cصلاح جاهين
490 _aالهيئة العامة للاستعلامات
_v0
650 0 4 _aالادب العربى
650 0 4 _aالشعر الغنائى
650 0 4 _aالشعر العربى - العصر الحديث
650 0 4 _aالادب العربى - العصر الحديث
942 _2ddc
_cBK
999 _c47461
_d47461